000 01475cam a22003614i 4500
999 _c63605
_d63605
001 768714001
003 CO-MdFUSB
005 20200407184610.0
007 cr cn|||||||||
008 201002t2009 sp ||||gs|||||||||||spa d
020 _a9788481699722
_qelectrónico
040 _aCO-MdFUSBC
_bspa.
_cCO-MdFUSB
_dCO-MdFUSBC
_erda
041 _aspa
082 0 4 _a291.8
_222
100 1 _aPérez Fernández, Miguel.
_eautor
245 1 0 _aTextos fuente y contextuales de la narrativa evangélica :
_bmetodología aplicada a una selección del Evangelio de Marcos
_c/ Miguel Pérez Fernández.
_h[recurso electrónico]
264 1 _aEspaña :
_bVerbo Divino,
_c[2009]
264 4 _c© 2009
300 _arecurso en línea (549 páginas)
_c;
336 _2rdacontent
_atexto
_btxt
337 _2rdamedia
_ainformático
_bc
338 _2rdacarrier
_aremoto
_bcr
347 _2rda
_afichero de texto
_bHtml
516 _atexto electrónico
538 _aAcceso a Internet; requiere usuario y clave asignada por la biblioteca
650 4 _aCrítica literaria
_xInterpretación.
650 4 _aTextos sagrados.
856 4 0 _uhttp://site.ebrary.com/lib/unisbcsp/Doc?id=10356997
_b10356997
_zAbrir Versión electrónica del libro Textos fuente y contextuales de la narrativa evangélica metodología aplicada a una selección del Evangelio de Marcos
942 _cBK
945 _aJTF-925